[Event "Aktiv Alliancen-A"]
[Site "Taastrup"]
[Date "1997.??.??"]
[Round "3"]
[White "Nilsson, Nils Specht"]
[Black "Bekker Jensen, Simon"]
[Result "0-1"]
[WhiteElo "2225"]
[BlackElo "2230"]

1.e4 c5 2.Nf3 d6 3.Bb5+ Bd7 4.Bxd7+ Qxd7 5.O-O Nc6 6.c3 Nf6 7.Qe2 e6 8.d4 cxd4
9.Nxd4 Be7 10.Na3 O-O 11.f4 d5 12.e5 Ne4 13.Nac2 f5 14.Be3 Rac8 15.g4 g6
16.Kh1 Bc5 17.gxf5 gxf5 18.Rg1+ Kh8 19.Nf3 Bxe3 20.Qxe3 Rg8 21.Ncd4 a6 22.Nd2 Nxd4
23.Qxd4 Qa4 24.Rxg8+ Rxg8 25.Nxe4 Qxd4 26.cxd4 fxe4 27.Rf1 Rg4 28.h3 Rh4
29.Kg2 Rh5 30.Rc1 Rf5 31.Kg3 Kg7 32.b4 Rf7 33.Kg4 Kg6 34.Rc8 h5+ 35.Kg3 Kf5
36.Rg8 h4+ 37.Kf2 Kxf4 38.Rg4+ Kf5 39.Ke3 Rc7 40.Rf4+ Kg5 41.Rf6 Rc3+ 42.Ke2 Rd3
43.Rxe6 Rxd4 44.Rb6 Kf5 45.e6 Kf6 46.a4 a5 47.bxa5 Rxa4 48.e7+ Kxe7 49.Ke3 Rxa5
50.Kd4 Ra6 51.Rxb7+ Kd6 52.Rb4 Rc6 53.Rb3 Rc4+ 54.Ke3 Ke5  0-1

[Event "EU-ch U16"]
[Site "Tallinn"]
[Date "1997.??.??"]
[Round "8"]
[White "El Kher, Henrik"]
[Black "Vink, Nico"]
[Result "0-1"]
[WhiteElo "2305"]
[BlackElo "2190"]

1.e4 c5 2.Nf3 d6 3.Bb5+ Bd7 4.Bxd7+ Qxd7 5.O-O Nf6 6.e5 dxe5 7.Nxe5 Qc7 8.d4 e6
9.Bf4 Bd6 10.Na3 a6 11.Nac4 Nc6 12.Nxd6+ Qxd6 13.Ng6 Qxd4 14.Nxh8 Qxf4 15.c3 Ke7
16.Nxf7 Kxf7 17.h3 Rd8 18.Qb3 Qc7 19.Rae1 Rd5 20.Re3 b5 21.Qc2 Qd6 22.Rfe1 Rd2
23.Qc1 e5 24.R3e2 Rd3 25.Re3 e4 26.Qc2 Rd2 27.Qc1 Ne5 28.R3e2 Rd5 29.Qe3 h6
30.Kh1 Nd3 31.Rf1 Nf4 32.Rc2 Rd3 33.Qe1 Rxh3+ 34.gxh3 Qd3 35.f3 Qxc2 36.Qg3 Qe2
37.Kg1 g5 38.h4 Qxb2 39.Kh1 Qe2 40.Kg1 Qxa2 41.Kh1 Qe2 42.Kg1 Qd2 43.Kh1 Qd3
44.Rf2 e3 45.Ra2 Qb1+ 46.Kh2 Qxa2+  0-1

[Event "Tampere We Taraus"]
[Site "Tampere"]
[Date "1997.??.??"]
[Round "4"]
[White "Nyysti, Sampsa"]
[Black "Penttinen, Jarkko"]
[Result "1-0"]
[WhiteElo "2110"]
[BlackElo "2285"]

1.e4 c5 2.Nf3 d6 3.Bb5+ Nd7 4.d4 cxd4 5.Qxd4 a6 6.Bxd7+ Bxd7 7.Nc3 Nf6 8.Bg5 e6
9.O-O-O Be7 10.e5 dxe5 11.Nxe5 Bc6 12.Nxc6 bxc6 13.Bxf6 Bxf6 14.Qc5 Qc7 15.Nd5 Bg5+
16.Kb1 Qb7 17.Nb4 Bf6 18.Qxc6+ Qxc6 19.Nxc6 O-O 20.Rd7 Rfe8 21.Rhd1 Kf8 22.Rc7 Rec8
23.Rdd7 Rxc7 24.Rxc7 g5 25.Rb7 h5 26.Rb8+ Rxb8 27.Nxb8 Bd4 28.f3 a5 29.Nc6 Bb6
30.c3 Ke8 31.b4 axb4 32.cxb4 f6 33.a4 Kd7 34.b5 Kd6 35.Kc2 Kc5 36.Kd3 Bc7
37.h3 f5 38.Nd4 Kd5 39.Nb3 Bh2 40.a5 Bg1 41.b6 e5 42.b7 e4+ 43.fxe4+ fxe4+
44.Ke2 Ba7 45.a6 g4 46.h4 e3 47.Na1 Kc6 48.Nc2 Kb5 49.Nd4+ Kc5 50.Kxe3 Kb6
51.Kf4 Bb8+ 52.Kg5 Be5 53.Kxh5 Kxa6 54.Nc6  1-0

[Event "Tanta op"]
[Site "Tanta"]
[Date "1997.??.??"]
[Round "1"]
[White "Ahmed, Esam Aly"]
[Black "Soderberg, Per"]
[Result "1-0"]
[WhiteElo "2395"]
[BlackElo "2255"]

1.e4 c5 2.Nf3 d6 3.Bb5+ Bd7 4.Bxd7+ Qxd7 5.O-O Nc6 6.c3 Nf6 7.Re1 g6 8.d4 cxd4
9.cxd4 Bg7 10.Nc3 O-O 11.Bg5 Rfd8 12.Qd2 Rac8 13.Rad1 b6 14.Nd5 Qb7 15.Bxf6 exf6
16.Qf4 Na5 17.Nxf6+ Kh8 18.Rd3 Qe7 19.Nd5 Qb7 20.Ng5 f5 21.Rh3 h6 22.Ne6 Re8
23.Nf6 Re7 24.Rxh6+ Bxh6 25.Qxh6+ Rh7 26.Nxh7 Qxh7 27.Qg5 fxe4 28.Qf6+  1-0

[Event "Tanta op"]
[Site "Tanta"]
[Date "1997.??.??"]
[Round "9"]
[White "Abo Nar, Mohamed"]
[Black "Fouad, Hadi"]
[Result "1-0"]
[WhiteElo "2095"]
[BlackElo "2190"]

1.e4 c5 2.Nf3 d6 3.Bb5+ Bd7 4.Bxd7+ Qxd7 5.O-O Nc6 6.b3 Nf6 7.Re1 g6 8.Bb2 Bg7
9.c3 Qg4 10.h3 Qf4 11.Qe2 Ne5 12.Nxe5 dxe5 13.Qb5+ Nd7 14.Qxb7 Rd8 15.Qxa7 O-O
16.Qa6 f5 17.exf5 Qxf5 18.Qe2 e4 19.Na3 Ne5 20.Nc4 Nd3 21.Rf1 h5 22.f3 Nf4
23.Qf2 exf3 24.Qxf3 Rd3 25.Ne3 Qg5 26.Rad1 e5 27.Kh1 Kh7 28.Qe4 Rfd8 29.a4 Qg3
30.Qf3 Qg5 31.a5 Nd5 32.Rde1 Nf6 33.Rc1 Rf8 34.a6 Nd7 35.Qe4 Rxf1+ 36.Rxf1  1-0

[Event "Tilburg Fontys"]
[Site "Tilburg"]
[Date "1997.??.??"]
[Round "4"]
[White "Leko, Peter"]
[Black "Polgar, Judit"]
[Result "1/2-1/2"]
[WhiteElo "2635"]
[BlackElo "2670"]

1.e4 c5 2.Nf3 d6 3.Bb5+ Bd7 4.Bxd7+ Qxd7 5.O-O Nc6 6.b3 Nf6 7.Re1 g6 8.c3 Bg7
9.d4 d5 10.e5 Ne4 11.Bb2 cxd4 12.cxd4 O-O 13.Nbd2 f5 14.exf6 Nxd2 15.Ne5 Nxe5
16.dxe5 exf6 17.Qxd2 fxe5 18.Bxe5 Rf5 19.Bxg7 Qxg7 20.Rad1 Rd8 21.Re4 b6
22.Rd4 Qe7 23.Re1 Re5 24.Rxe5 Qxe5 25.g3 Kg7 26.Kg2 Rd7 27.h3 Rd8 28.h4 Rd7
29.Qd1 h5 30.Qd3 Kh7 31.Qe3 Qg7 32.Qd3 Qe5 33.Qe3 Qg7 34.Qe6 Qxd4 35.Qxd7+ Kh6
36.Qe7 a5 37.Kf3 Qg4+ 38.Ke3 d4+ 39.Kd3 Qd1+ 40.Kc4 Qc2+ 41.Kxd4 Qxf2+ 42.Qe3+ Qxe3+
43.Kxe3 Kg7 44.Kf4 Kf6 45.a3 Ke6 46.Ke4 Kd6 47.Kd4 Ke6 48.Ke4 Kd6  1/2-1/2

[Event "Torneo Mayor op"]
[Site "Torneo"]
[Date "1997.??.??"]
[Round "?"]
[White "Jodorcovsky, Paulo"]
[Black "Valiente, Cristobal"]
[Result "0-1"]
[WhiteElo "2295"]
[BlackElo "2390"]

1.e4 c5 2.Nf3 d6 3.Bb5+ Bd7 4.Bxd7+ Qxd7 5.O-O Nf6 6.Qe2 Nc6 7.b3 g6 8.Bb2 Bg7
9.c4 O-O 10.d4 cxd4 11.Nxd4 e6 12.Rd1 a6 13.Nc2 Qc7 14.Nc3 Rfe8 15.Ne3 Ne5
16.f4 Ned7 17.Rab1 Qc6 18.Qd3 Bf8 19.b4 Rec8 20.Kh1 Nh5 21.Rf1 Nb6 22.f5 Nxc4
23.Nxc4 Qxc4 24.Qf3 Bg7 25.g4 Nf6 26.fxg6 fxg6 27.Na4 Qc6 28.g5 Nh5 29.Rbc1 Rf8
30.Rxc6 Rxf3 31.Rxf3 bxc6 32.Bxg7 Kxg7 33.Rc3 a5 34.Nb6 axb4 35.Rxc6 Rxa2
36.Rxd6 b3 37.Nc4 Rc2 38.Na3 b2 39.Rb6 Rc3 40.Rxb2 Rxa3 41.Rb7+ Kg8 42.Kg2 Nf4+
43.Kf2 Nh3+ 44.Ke2 Nxg5 45.e5 Ra5  0-1

[Event "Torneo Mayor op"]
[Site "Torneo"]
[Date "1997.??.??"]
[Round "?"]
[White "Jodorcovsky, Paulo"]
[Black "Figari, Esteban"]
[Result "0-1"]
[WhiteElo "2295"]
[BlackElo "2045"]

1.e4 c5 2.Nf3 d6 3.Bb5+ Nd7 4.O-O a6 5.Bxd7+ Bxd7 6.c3 g6 7.d4 Bg7 8.Re1 e5
9.dxe5 dxe5 10.Be3 Rc8 11.Nbd2 b5 12.b4 cxb4 13.cxb4 Be6 14.Bc5 Ne7 15.Nf1 Qxd1
16.Raxd1 Nc6 17.Ne3 Bf8 18.Nd5 Bxc5 19.bxc5 h6 20.Nb6 Rc7 21.Rd6 Na5 22.Nxe5 Rxc5
23.Nd5 Nc4 24.Nxc4 bxc4 25.Rxa6 O-O 26.Nf6+ Kg7 27.Rxe6 fxe6 28.Nd7 Ra5 29.Nxf8 Kxf8
30.Re2 Ke7 31.Rd2 g5 32.Kf1 Kf6 33.Ke2 Ke5 34.f3 c3 35.Rc2 Kd4 36.Kd1 Rc5
37.Rf2 e5 38.Rc2 g4 39.fxg4 Kxe4 40.Rf2 Rb5 41.a4 Ra5 42.Rf6 Kd3 43.Rxh6 Rxa4
44.Rh3+ Kd4 45.g5 Ra1+ 46.Kc2 Ra2+ 47.Kc1 Rxg2 48.Rh8 Rxg5  0-1

[Event "Torre Blanca op"]
[Site "Torre Blanca"]
[Date "1997.??.??"]
[Round "4"]
[White "Bosco, Ricardo"]
[Black "Gras, Carlos"]
[Result "1-0"]
[WhiteElo "2225"]
[BlackElo "2110"]

1.e4 c5 2.Nf3 d6 3.Bb5+ Bd7 4.Bxd7+ Qxd7 5.O-O Nc6 6.c3 g6 7.d4 cxd4 8.cxd4 Bg7
9.Nc3 Nf6 10.Re1 O-O 11.h3 Nh5 12.g4 Nf6 13.e5 Nxg4 14.hxg4 Qxg4+ 15.Kh1 dxe5
16.Nxe5 Qh3+ 17.Kg1 Nxe5 18.dxe5 Rad8 19.Qe2 Rd4 20.f4 Qg3+ 21.Kf1 f6 22.e6 Qh3+
23.Qg2 Qd3+ 24.Kg1 Qf5 25.Be3 Rd3 26.Rad1 Rfd8 27.Rxd3 Rxd3 28.Qe4 Qg4+ 29.Kf2 Rd6
30.f5 gxf5 31.Qxg4 fxg4 32.Bc5 Rd2+ 33.Re2 Rxe2+ 34.Kxe2 Kf8 35.Nd5 f5 36.Nxe7 Bxb2
37.Nxf5+ Ke8 38.Nd6+ Ke7 39.Nc4+ Kxe6 40.Nxb2 b6 41.Bf2 Kd5 42.Kd3 Ke5 43.Bg3+ Kf5
44.Nc4 h5 45.Ne3+ Kg5 46.Ke4 b5 47.Ng2 Kf6 48.Bh4+ Ke6 49.Nf4+ Kd6 50.Nxh5 Kc5
51.Bf2+ Kb4 52.Bxa7 Ka3 53.Kd4 Kxa2 54.Kc5 Kb2 55.Kxb5 Kc3 56.Kc5 Kd3 57.Kd5 Kc3
58.Ke4 Kc4 59.Kf4 Kd5 60.Kxg4 Ke4 61.Nf6+ Ke5 62.Kg5 Ke6 63.Bd4 Kd6 64.Kf5 Kc6
65.Ke6 Kc7 66.Nd5+ Kc6 67.Nc3 Kc7 68.Kd5 Kb7 69.Nb5 Kc8 70.Kc6 Kb8 71.Nc3 Ka8
72.Nd5 Kb8 73.Nc7 Kc8 74.Ba7 Kd8 75.Nd5 Ke8 76.Kd6 Kf7 77.Ne7 Kf6 78.Be3 Kf7
79.Kd7 Kf6 80.Bf4 Kf7 81.Bg5 Kf8 82.Ng6+ Kg7 83.Ne5 Kf8 84.Kd8 Kg7 85.Ke7 Kg8
86.Nf3 Kg7 87.Nh4 Kg8 88.Nf5 Kh7 89.Kf7 Kh8 90.Nd6 Kh7 91.Ne8 Kh8 92.Bh6 Kh7
93.Bf8 Kh8 94.Bg7+  1-0

[Event "Torre Blanca op"]
[Site "Torre Blanca"]
[Date "1997.??.??"]
[Round "5"]
[White "Bosco, Ricardo"]
[Black "Dos Santos, Freire Ramiro"]
[Result "0-1"]
[WhiteElo "2225"]
[BlackElo "2345"]

1.e4 c5 2.Nf3 d6 3.Bb5+ Nd7 4.c4 Nf6 5.Nc3 g6 6.d3 Bg7 7.O-O O-O 8.h3 Nb6
9.Na4 Nfd7 10.Rb1 a6 11.Bxd7 Nxd7 12.Nc3 b5 13.Bd2 Nb6 14.Nd5 Nxd5 15.cxd5 e5
16.b4 cxb4 17.Bxb4 f5 18.Rc1 a5 19.Bd2 h6 20.Re1 Bd7 21.a3 g5 22.Nh2 Qb6
23.Be3 Qb7 24.f3 f4 25.Bf2 b4 26.Qb3 Rfc8 27.Rxc8+ Rxc8 28.axb4 a4 29.Qa3 Bb5
30.Nf1 Rc2 31.Rd1 Qc8 32.Qa1 h5 33.Nh2 Bf6 34.Qa3 g4 35.hxg4 Rxf2 36.Kxf2 Qc2+  0-1

[Event "ROM-chT"]
[Site "Tusnad"]
[Date "1997.??.??"]
[Round "?"]
[White "Pomarleanu, Ana"]
[Black "Andreescu, Nicoleta Aurora"]
[Result "1/2-1/2"]
[WhiteElo "2070"]
[BlackElo "2140"]

1.e4 c5 2.Nf3 d6 3.Bb5+ Bd7 4.Bxd7+ Qxd7 5.O-O Nc6 6.c3 Nf6 7.Qe2 e5 8.d4 cxd4
9.cxd4 exd4 10.Rd1 Be7 11.Nxd4 Nxd4 12.Rxd4 O-O 13.Nc3 Rfe8 14.Bf4 Rad8 15.Rad1 Qe6
16.Qc4 Qxc4 17.Rxc4 Rd7 18.Nd5 Nxd5 19.Rxd5 Red8 20.Be3 Bf6 21.b4 Re8 22.b5 b6
23.f3 g6 24.Rc6 Re6 25.Bf4 Be5 26.Bh6 Bf6 27.Rd2 g5 28.Rd5 g4 29.Rc8+ Rd8
30.Rxd8+ Bxd8 31.Bg5 f6 32.Bf4 Bc7 33.Rd3 gxf3 34.gxf3 f5 35.exf5 Re1+ 36.Kf2 Rb1
37.Bxd6 Bxd6 38.Rxd6 Rb2+ 39.Kg3 Rxa2 40.Rd7 Ra4 41.f4 h5 42.f6 Rb4 43.Rd5 Kf7
44.Rxh5 Kxf6 45.Kg4 Rb1 46.h4 Rg1+ 47.Kf3 Rf1+ 48.Ke4 Re1+ 49.Kd5 Rc1 50.Kd6 a5
51.bxa6 Ra1 52.Rh8 Rxa6 53.Rf8+ Kg6 54.f5+ Kg7 55.Rb8 Kf6  1/2-1/2

[Event "ROM-chT"]
[Site "Tusnad"]
[Date "1997.??.??"]
[Round "?"]
[White "Pomarleanu, Ana"]
[Black "Vajda, Szidonia"]
[Result "0-1"]
[WhiteElo "2070"]
[BlackElo "2355"]

1.e4 c5 2.Nf3 d6 3.Bb5+ Nd7 4.d4 Nf6 5.e5 Qa5+ 6.Nc3 Ne4 7.Bd2 Nxc3 8.Bxd7+ Bxd7
9.Bxc3 Qa6 10.d5 Bf5 11.Nh4 Bd7 12.e6 fxe6 13.Qh5+ Kd8 14.dxe6 Bxe6 15.f3 Qc4
16.Rd1 Kc7 17.Kf2 b5 18.a3 a5 19.Rhe1 b4 20.Re4 Qa2 21.axb4 axb4 22.Be5 Kc6
23.Kg1 Bd5 24.Bg3 Bxe4 25.fxe4 Qe6 26.e5 d5 27.Qf3 g6 28.c4 bxc3 29.Qxc3 Qg4
30.Rc1 e6 31.Bf2 Qc4 32.Qd2 Qb3 33.Nf3 Kd7 34.Bh4 h6 35.Bf6 Rg8 36.Ne1 c4
37.Nf3 Bc5+ 38.Kh1 Be3  0-1

[Event "ROM-chT"]
[Site "Tusnad"]
[Date "1997.??.??"]
[Round "?"]
[White "Negulescu, Adrian"]
[Black "Stoica, Valentin"]
[Result "1/2-1/2"]
[WhiteElo "2450"]
[BlackElo "2460"]

1.e4 c5 2.Nf3 d6 3.Bb5+ Bd7 4.Bxd7+ Qxd7 5.c4 Nc6 6.O-O Nf6 7.Nc3 e6 8.d4 cxd4
9.Nxd4 Be7 10.Be3 O-O  1/2-1/2

[Event "JUG Cup"]
[Site "Ulcinj"]
[Date "1997.??.??"]
[Round "?"]
[White "Markovic, Ivan"]
[Black "Markovic, Miroslav"]
[Result "1/2-1/2"]
[WhiteElo "2435"]
[BlackElo "2520"]

1.e4 c5 2.Nf3 d6 3.Bb5+ Bd7 4.Bxd7+ Qxd7 5.O-O Nf6 6.Qe2 Nc6 7.b3 g6 8.c3 Bg7
9.d4 cxd4 10.cxd4 O-O 11.Nbd2 Nh5 12.Bb2 d5 13.Ne5 Qe6 14.Nxc6 Qxc6 15.Rac1 Qd7
16.e5 Nf4 17.Qf3 Bh6 18.Nb1 Qf5 19.Nc3 Rfd8 20.Ba3 Rd7 21.Rfd1 b6 22.h4 Ne6
23.Qxf5 gxf5 24.Rb1 Rc8 25.Bb2 f4 26.Rd3 Ng7 27.Kh2 Nf5 28.Kh3 e6 29.g4 fxg3
30.fxg3 Ne7 31.Rf1 Nc6 32.Nb5 Nb4 33.Rdf3 Rc2 34.Ba3 Bf8 35.Bc1 Nc6 36.Rf4  1/2-1/2

[Event "JUG Cup"]
[Site "Ulcinj"]
[Date "1997.??.??"]
[Round "?"]
[White "Popadic, Dragan"]
[Black "Milic, Stevica"]
[Result "1/2-1/2"]
[WhiteElo "2170"]
[BlackElo "2285"]

1.e4 c5 2.Nf3 d6 3.Bb5+ Bd7 4.Bxd7+ Nxd7 5.O-O Ngf6 6.Qe2 g6 7.c3 Bg7 8.d4 cxd4
9.cxd4 e5 10.dxe5 dxe5 11.Bg5 Qa5 12.Nc3 O-O 13.Rfd1 h6 14.Bxf6 Nxf6 15.Rd2 Rad8
16.Rad1 Rxd2 17.Rxd2 Re8 18.Qc4 Qb6 19.h3 Bf8 20.a3 Qc5 21.Qb3  1/2-1/2

[Event "JUG Cup"]
[Site "Ulcinj"]
[Date "1997.??.??"]
[Round "?"]
[White "Ristic, Nebojsa"]
[Black "Kosanovic, Goran A"]
[Result "1/2-1/2"]
[WhiteElo "2425"]
[BlackElo "2455"]

1.e4 c5 2.Nf3 d6 3.Bb5+ Nd7 4.c3 Nf6 5.Qe2 a6 6.Ba4 b5 7.Bc2 Ne5 8.d4 Nxf3+
9.Qxf3 Bb7 10.dxc5 dxc5 11.O-O e5 12.a4 c4 13.Rd1 Qc7 14.axb5  1/2-1/2

[Event "JUG Cup"]
[Site "Ulcinj"]
[Date "1997.??.??"]
[Round "?"]
[White "Andrijasevic, Momir"]
[Black "Djukanovic, Sreten"]
[Result "1/2-1/2"]
[WhiteElo "2220"]
[BlackElo "2265"]

1.e4 c5 2.Nf3 d6 3.Bb5+ Bd7 4.Bxd7+ Nxd7 5.O-O Ngf6 6.Re1 e6 7.c3 Be7 8.d4 O-O
9.e5 Ne8 10.Nbd2 d5 11.dxc5 Nxc5 12.Qe2 Rc8 13.Nd4 a6 14.Nf1 b5  1/2-1/2

[Event "Verona op"]
[Site "Verona"]
[Date "1997.??.??"]
[Round "6"]
[White "Grosar, Aljosa"]
[Black "Braghetta, Sergio"]
[Result "1/2-1/2"]
[WhiteElo "2495"]
[BlackElo "2195"]

1.e4 c5 2.Nf3 d6 3.Bb5+ Bd7 4.Bxd7+ Nxd7 5.O-O Ngf6 6.Qe2 e6 7.b3 Be7 8.Bb2 O-O
9.c4 Qc7 10.Nc3 a6 11.Rae1 Ne5 12.Ng5 Nfd7 13.Nh3 Nc6 14.f4 Bf6 15.g4 Bd4+
16.Kh1 Rfe8 17.Ng5 Nf8 18.Nf3 Rab8 19.Qg2 b5 20.cxb5 axb5 21.Nxd4 Nxd4 22.Ne2 Nc2
23.Rd1 Nb4 24.f5 Nd3 25.Bxg7 Kxg7 26.f6+ Kh8 27.Qh3 Ng6 28.Qxd3 Ne5 29.Qg3 Rg8
30.g5 Qb7 31.Rf4 Ng6 32.Rg4 d5 33.e5 d4+ 34.Kg1 Ra8 35.h4 h5 36.gxh6 Nxh4
37.h7 Rxg4 38.Qxg4 Ng6 39.Kh2 c4 40.Nf4 Qe4 41.bxc4 bxc4 42.a4 c3 43.Nxg6+ Qxg6
44.Qxg6 fxg6 45.dxc3 dxc3 46.Rc1 Kxh7 47.Rxc3 Rxa4 48.Rc6 Rf4 49.Rxe6 Kg8
50.Re8+ Kf7 51.Re7+ Kf8 52.Kg2 Rf5 53.Kg3 Kg8 54.Kg4 Kf8 55.Kh4 Rh5+ 56.Kg3 Rf5
57.Kg4 Kg8 58.f7+ Rxf7 59.Kg5 Kf8  1/2-1/2

[Event "Verona op"]
[Site "Verona"]
[Date "1997.??.??"]
[Round "6"]
[White "Rossi, Carlo"]
[Black "Ortega, Lexy"]
[Result "1/2-1/2"]
[WhiteElo "2320"]
[BlackElo "2460"]

1.e4 c5 2.Nf3 d6 3.Bb5+ Nd7 4.O-O Nf6 5.Re1 e6 6.Bf1 b6 7.d3 g6 8.Bg5 Bg7
9.Nbd2 O-O 10.c3 h6 11.Bh4 e5 12.d4 exd4 13.cxd4 cxd4 14.Nc4 Nc5 15.Nxd6 Qxd6
16.e5 Qd8 17.exf6 Bxf6  1/2-1/2

[Event "Clarin GP op"]
[Site "Villa Martelli"]
[Date "1997.??.??"]
[Round "2"]
[White "Malbran, Guillermo"]
[Black "Zarnicki, Pablo"]
[Result "1/2-1/2"]
[WhiteElo "2300"]
[BlackElo "2550"]

1.e4 c5 2.Nf3 d6 3.Bb5+ Nd7 4.O-O Nf6 5.Re1 a6 6.Bxd7+ Nxd7 7.b3 e5 8.c3 Be7
9.d4 b5 10.dxe5 dxe5 11.c4 b4 12.Bb2 Qc7 13.Nbd2 Bb7 14.Nf1 f6 15.Qd3 Qc6
16.N3d2 f5 17.Ne3 fxe4 18.Qe2 Qe6 19.Nd5 Bxd5 20.cxd5 Qxd5 21.Qxe4 Qxe4 22.Rxe4 O-O
23.Nc4 Bf6 24.Kf1 a5 25.a4 Ra6 26.Rc1 Re8 27.Ke2 Nb8 28.Rd1 Nc6 29.Rd5 Be7
30.Bxe5 Bf8 31.f3 Ra7 32.Bb2 Rxe4+ 33.fxe4 Kf7 34.Ne5+ Nxe5 35.Bxe5 Ke6 36.Bf4 Rd7
37.Rxd7 Kxd7 38.Kd3 Be7 39.Kc4 Kc6 40.Be5 Bf6 41.Bf4 Be7 42.Be5 Bf6 43.Bf4 Be7  1/2-1/2

[Event "Clarin GP op"]
[Site "Villa Martelli"]
[Date "1997.??.??"]
[Round "4"]
[White "Tempone, Marcelo"]
[Black "Quinteros, Miguel A"]
[Result "1/2-1/2"]
[WhiteElo "2460"]
[BlackElo "2505"]

1.e4 c5 2.Nf3 d6 3.Bb5+ Bd7 4.Bxd7+ Qxd7 5.O-O Nc6 6.c3 Nf6 7.d4 cxd4 8.cxd4 d5
9.e5 Ne4 10.Ne1 h6 11.f3 Ng5 12.Be3 e6 13.Nc3 Be7 14.Qd3 f5 15.exf6 Bxf6
16.f4 Ne4 17.Nxe4 dxe4 18.Qxe4 Nxd4 19.Nd3 O-O 20.Rad1 Qd5 21.Qxd5 exd5 22.Rd2  1/2-1/2

[Event "Clarin GP op"]
[Site "Villa Martelli"]
[Date "1997.??.??"]
[Round "9"]
[White "Spangenberg, Hugo"]
[Black "Seminara, Juan Pablo"]
[Result "0-1"]
[WhiteElo "2565"]
[BlackElo "2240"]

1.e4 c5 2.Nf3 d6 3.Bb5+ Bd7 4.Bxd7+ Qxd7 5.O-O Nc6 6.Re1 Nf6 7.c3 e6 8.d4 cxd4
9.cxd4 d5 10.e5 Ne4 11.Be3 Be7 12.Re2 f6 13.exf6 Bxf6 14.Nc3 Nd6 15.Bg5 O-O
16.Qd3 Nf5 17.Bxf6 gxf6 18.Rae1 Rae8 19.Qd2 Kh8 20.Qf4 Re7 21.h3 Rfe8 22.a3 Qd6
23.Qd2 Na5 24.g4 Ng3 25.fxg3 Qxg3+ 26.Rg2 Qxf3 27.Re3 Qf4 28.Ne2 Qc7 29.Rc3 Qb6
30.Qh6 e5 31.Rf3 Re6 32.Rgf2 Rg8 33.b4 Nc6 34.dxe5 Nxe5 35.Rxf6 Nf3+  0-1

[Event "Clarin GP op"]
[Site "Villa Martelli"]
[Date "1997.??.??"]
[Round "9"]
[White "Malbran, Guillermo"]
[Black "Fiorito, Fabian"]
[Result "0-1"]
[WhiteElo "2300"]
[BlackElo "2465"]

1.e4 c5 2.Nf3 d6 3.Bb5+ Nd7 4.O-O Nf6 5.Re1 a6 6.Bxd7+ Bxd7 7.e5 dxe5 8.Nxe5 Bc8
9.Qf3 e6 10.b3 Be7 11.Bb2 O-O 12.d3 Nd5 13.c4 Nb4 14.Qe2 Qc7 15.a3 Nc6 16.Nxc6 Qxc6
17.Nd2 f6 18.Qe4 Qc7 19.Rad1 Bd7 20.d4 Rae8 21.Nf3 cxd4 22.Nxd4 Bd6 23.h3 Bc8
24.Kf1 Bc5 25.b4 Ba7 26.Nf3 b6 27.Qe2 Bb8 28.c5 bxc5 29.Qc4 cxb4 30.Qxc7 Bxc7
31.axb4 e5 32.Nd2 Bd7 33.Ne4 Bb5+ 34.Kg1 Rd8 35.Nc5 Rxd1 36.Rxd1 Rd8 37.Rc1 Bb6
38.Rc2 Kf7 39.f3 Ke7 40.Bc1 Rd4 41.Bd2 Rc4 42.Rxc4 Bxc4 43.Kf2 Kd6 44.Be3 Kd5
45.Ne4 Bd4 46.Nd2 Bc3 47.Nxc4 Kxc4 48.Ke2 Kxb4 49.Kd3 a5 50.g4 a4 51.Bc1 Kb3
52.h4 Bb2  0-1

[Event "Villa Martelli"]
[Site "Villa Martelli"]
[Date "1997.??.??"]
[Round "10"]
[White "Ricardi, Pablo"]
[Black "Hoffman, Alejandro"]
[Result "0-1"]
[WhiteElo "2575"]
[BlackElo "2480"]

1.e4 c5 2.Nf3 d6 3.Bb5+ Nd7 4.d4 cxd4 5.Qxd4 e5 6.Qd3 h6 7.Be3 Nf6 8.O-O Be7
9.c4 a6 10.Bxd7+ Bxd7 11.Nc3 O-O 12.a4 Be6 13.a5 Rc8 14.b3 Nd7 15.Nd5 f5
16.Rfd1 Rc6 17.Nd2 f4 18.Bb6 Nxb6 19.Nxb6 Qe8 20.b4 Qg6 21.b5 Rc5 22.Nb3 f3
23.g3 Rc7 24.Nd5 Bxd5 25.Qxd5+ Kh7 26.b6 Qg4 27.Kh1 Rc6 28.Rac1 Bg5 29.Rc3 Rf4
30.Qd3 Qh3 31.Qf1 Qxf1+ 32.Rxf1 Rxe4 33.Rxf3 Rexc4 34.Rf7 Rb4 35.h4 Bf6 36.Nd2 Rc2
37.Nf3 Ra2 38.Rxb7 Rxa5 39.Rd1 Ra2 40.Kg1 e4 41.Nh2 Bd4 42.Ng4 Bxb6 43.Re7 Bd4
44.h5 Kg8 45.Kg2 Bc5 46.Rd5 Rb8 47.Rxe4 Rf8 48.Kh3 a5 49.f4 Ra1 50.Re7 a4
51.Ne5 a3 52.Rxc5 dxc5 53.Ra7 a2 54.Kg4 c4 55.Nc6 c3 56.Nb4 Rxf4+  0-1

[Event "Zagorovsky mem op"]
[Site "Voronezh"]
[Date "1997.??.??"]
[Round "?"]
[White "Belikov, Vladimir"]
[Black "Kartavcev, Andrej"]
[Result "1-0"]
[WhiteElo "2500"]
[BlackElo "2110"]

1.e4 c5 2.Nf3 d6 3.Bb5+ Bd7 4.Bxd7+ Nxd7 5.O-O e6 6.c4 Be7 7.d4 cxd4 8.Nxd4 Ngf6
9.Nc3 O-O 10.Qe2 Rc8 11.b3 a6 12.Bb2 Re8 13.Rad1 Qa5 14.Kh1 Bf8 15.Qe1 Qc7
16.f4 h6 17.Qg3 Kh7 18.Rfe1 g6 19.e5 Nh5 20.Qe3 Ng7 21.exd6 Qb8 22.Nf3 Nf5
23.Qd2 Rc6 24.Ne4 Nxd6 25.Qc3 e5 26.Nxd6 Rxd6 27.fxe5 Rxd1 28.Rxd1 Nc5 29.e6  1-0

[Event "Zagorovsky mem op"]
[Site "Voronezh"]
[Date "1997.??.??"]
[Round "?"]
[White "Minakova, Olga"]
[Black "Lutsko, Igor"]
[Result "0-1"]
[WhiteElo "2015"]
[BlackElo "2410"]

1.e4 c5 2.Nf3 d6 3.Bb5+ Nc6 4.O-O Bd7 5.c3 Nf6 6.Re1 a6 7.Bxc6 Bxc6 8.d3 e6
9.Bg5 Be7 10.a4 b6 11.c4 O-O 12.Nc3 Qc7 13.d4 h6 14.Bc1 cxd4 15.Nxd4 Bb7
16.b3 Rfd8 17.Bb2 Rac8 18.Qe2 Nd7 19.Kh1 Bf6 20.Rad1 Nc5 21.Qc2 Qb8 22.f4 d5
23.e5 Bh4 24.Re3 dxc4 25.b4 Nd3 26.Rexd3 cxd3 27.Qxd3 Bf2 28.Nce2 Qa8 29.Qh3 Rc2
30.Rb1 Bxd4  0-1

[Event "Vsetin op"]
[Site "Vsetin"]
[Date "1997.??.??"]
[Round "?"]
[White "Zvardon, P."]
[Black "Havlicek, Libor"]
[Result "0-1"]
[WhiteElo "2085"]
[BlackElo "2150"]

1.e4 c5 2.Nf3 d6 3.Bb5+ Bd7 4.Bxd7+ Qxd7 5.O-O Nc6 6.c3 Nf6 7.Re1 e6 8.d3 Be7
9.Nbd2 Ne5 10.Nc4 Qc7 11.Bf4 Nfd7 12.Ne3 h5 13.d4 Nxf3+ 14.Qxf3 g5 15.Bg3 h4
16.Bxd6 Bxd6 17.dxc5 Bxh2+ 18.Kh1 Bf4 19.Nd5 exd5 20.exd5+ Kf8 21.c6 bxc6
22.d6 Bxd6 23.Rad1 Bf4 24.Qe4 Ne5 25.Qf5 Qe7 26.Rd4 Re8 27.Qc2 Kg7 28.Rde4 Qd7
29.Qe2 f6 30.Kg1 Rd8 31.Qa6 h3 32.Rd4 Qf7 33.Rde4 hxg2  0-1

[Event "Wattens op"]
[Site "Wattens"]
[Date "1997.??.??"]
[Round "?"]
[White "Kuba, Guenter"]
[Black "Grab, Ratko"]
[Result "1/2-1/2"]
[WhiteElo "2215"]
[BlackElo "2040"]

1.e4 c5 2.Nf3 d6 3.Bb5+ Nc6 4.O-O Bd7 5.c3 Nf6 6.Re1 e5 7.h3 Be7 8.d4 cxd4
9.cxd4 exd4 10.Nxd4 O-O 11.Nc3 a6 12.Bf1 b5 13.a3 Nxd4 14.Qxd4 Be6 15.Bg5 h6
16.Bh4 Nh5 17.Bxe7 Qxe7 18.Rad1 Qg5 19.Re3 Rfd8 20.g3 Qc5 21.Red3 Qc7 22.Bg2 Rab8
23.Kh2 Nf6 24.f4 Bc4 25.R3d2 Bb3 26.Re1 a5 27.Qe3 b4 28.Ne2 bxa3 29.bxa3 Qc5
30.Nd4 Ba4 31.Nf5 Qc7 32.Qd4 Bd7 33.Nxh6+ Kf8 34.g4 Ne8 35.Nf5 Bxf5 36.gxf5 f6
37.Qd5 Qc3 38.Ree2 Rb3 39.Rf2 Qg3+ 40.Kg1 Rxa3 41.Rd1 Rb8 42.Re1 Qc3  1/2-1/2

[Event "Wattens op"]
[Site "Wattens"]
[Date "1997.??.??"]
[Round "?"]
[White "Junger, Gerald"]
[Black "Berchtold, Axel"]
[Result "0-1"]
[WhiteElo "1785"]
[BlackElo "2005"]

1.e4 c5 2.Nf3 d6 3.Bb5+ Nd7 4.d4 cxd4 5.Nxd4 Nf6 6.Nc3 e6 7.O-O a6 8.Bd3 Be7
9.Be3 Qc7 10.a4 Ne5 11.a5 Neg4 12.Bg5 d5 13.Nf3 dxe4 14.Nxe4 Nxe4 15.Bxe7 Nexf2
16.Rxf2 Nxf2 17.Kxf2 Qxe7 18.Qd2 Bd7 19.Be4 Bc6 20.Bxc6+ bxc6 21.Qc3 O-O
22.Ra4 Qf6 23.Qxf6 gxf6 24.Rc4 Rfb8 25.b4 e5 26.c3 Rc8 27.Rc5 Rab8 28.Nd2 Rb5
29.Ne4 Rxc5 30.Nxc5 Ra8 31.Ke3 Kg7 32.Ke4 Kg6 33.g4 h6 34.h3 Kg5 35.c4 Rd8
36.Nxa6 Rd4+ 37.Ke3 Rxc4 38.Kd3 Rd4+ 39.Kc3 h5 40.gxh5 f5 41.Nb8 c5 42.b5 f4
43.Nc6 f3 44.Nxd4 cxd4+ 45.Kd2 e4 46.b6 e3+ 47.Ke1 d3 48.b7 d2+ 49.Kd1 f2  0-1

[Event "Wattens op"]
[Site "Wattens"]
[Date "1997.??.??"]
[Round "?"]
[White "Kuba, Guenter"]
[Black "Erhard, Jakob"]
[Result "1/2-1/2"]
[WhiteElo "2215"]
[BlackElo "1800"]

1.e4 c5 2.Nf3 d6 3.Bb5+ Bd7 4.Bxd7+ Qxd7 5.O-O Nc6 6.c3 Nf6 7.Qe2 e5 8.Rd1 h5
9.d4 Qg4 10.Nbd2 h4 11.h3 Qg6 12.dxc5 dxc5 13.Re1 O-O-O 14.Nc4 Nd7 15.Qc2 f6
16.Be3 Qf7 17.Ncd2 g5 18.Nh2 Kb8 19.Rab1 Rc8 20.Qa4 Nb6 21.Qb5 Nd4 22.cxd4 exd4
23.Bxd4 cxd4 24.Nb3 Bd6 25.Ng4 Bf4 26.Nxd4 Rhd8 27.Red1 Ka8 28.b3 Qe7 29.a4 f5
30.a5 fxg4  1/2-1/2

[Event "VAM Hoogeveen op"]
[Site "Wijk aan Zee"]
[Date "1997.??.??"]
[Round "5"]
[White "Polgar, Sofia"]
[Black "Greenfeld, Alon"]
[Result "1-0"]
[WhiteElo "2475"]
[BlackElo "2540"]

1.e4 c5 2.Nf3 d6 3.Bb5+ Bd7 4.Bxd7+ Qxd7 5.c4 Nc6 6.Nc3 g6 7.d4 cxd4 8.Nxd4 Bg7
9.Nde2 Nf6 10.f3 O-O 11.O-O e6 12.Bg5 h6 13.Bh4 Rad8 14.f4 Qc7 15.Kh1 Qa5
16.Qe1 g5 17.Bg3 d5 18.exd5 exd5 19.fxg5 hxg5 20.Rf5 Ne4 21.Rxd5 Rxd5 22.cxd5 Nxg3+
23.Qxg3 Ne5 24.Qxg5 Nd3 25.Rf1 Qb6 26.Ne4 f5 27.Rxf5 Rxf5 28.Qxf5 Qe3 29.Qe6+ Kf8
30.Qc8+ Kf7 31.Nd6+ Kf6 32.Qc3+  1-0

[Event "VAM Hoogeveen op"]
[Site "Wijk aan Zee"]
[Date "1997.??.??"]
[Round "9"]
[White "Psakhis, Lev"]
[Black "Oll, Lembit"]
[Result "1/2-1/2"]
[WhiteElo "2565"]
[BlackElo "2645"]

1.e4 c5 2.Nf3 d6 3.Bb5+ Bd7 4.Bxd7+ Qxd7 5.c4 Nc6 6.Nc3 g6 7.d4 cxd4 8.Nxd4 Bg7
9.Nde2 Nf6 10.f3 O-O 11.O-O a6 12.a4 e6 13.Bg5 h6 14.Bh4 g5 15.Bf2 Rac8 16.Rc1 Rfe8
17.b3 d5  1/2-1/2